<?xml version="1.0" encoding="UTF-8"?>
<collection xmlns="http://www.loc.gov/MARC21/slim">
 <record>
  <leader>02013nam a2200277 a 4500</leader>
  <controlfield tag="001">TVCDKTCT15521</controlfield>
  <controlfield tag="003">CT</controlfield>
  <controlfield tag="005">20150123085832.2</controlfield>
  <controlfield tag="008">150123syyyy    vn                       </controlfield>
  <datafield tag="980" ind1="\" ind2="\">
   <subfield code="a">Thư viện Trường CĐ Kỹ Thuật Cao Thắng</subfield>
  </datafield>
  <datafield tag="024" ind1=" " ind2=" ">
   <subfield code="a">RG_1 #1 eb0 i1</subfield>
  </datafield>
  <datafield tag="020" ind1="#" ind2="#">
   <subfield code="a">9786049112850 </subfield>
   <subfield code="c">85.000 đ</subfield>
  </datafield>
  <datafield tag="041" ind1="0" ind2="#">
   <subfield code="a">vie</subfield>
  </datafield>
  <datafield tag="082" ind1="#" ind2="#">
   <subfield code="a">621.8028 </subfield>
   <subfield code="b">GI-108T</subfield>
  </datafield>
  <datafield tag="100" ind1="1" ind2="#">
   <subfield code="a">Tôn Thất Minh</subfield>
  </datafield>
  <datafield tag="245" ind1="1" ind2="0">
   <subfield code="a">Giáo trình máy và thiết bị vận chuyển và định lượng / </subfield>
   <subfield code="c">Tôn Thất Minh</subfield>
  </datafield>
  <datafield tag="250" ind1="#" ind2="#">
   <subfield code="a">Lần thứ 2</subfield>
  </datafield>
  <datafield tag="260" ind1="#" ind2="#">
   <subfield code="a">H. : </subfield>
   <subfield code="b">Bách khoa, </subfield>
   <subfield code="c">2013</subfield>
  </datafield>
  <datafield tag="300" ind1=" " ind2=" ">
   <subfield code="a">192tr. ; </subfield>
   <subfield code="c">24   cm</subfield>
  </datafield>
  <datafield tag="520" ind1="#" ind2="#">
   <subfield code="a">Cuốn giáo trình giới thiệu tương đối đầy đủ các dạng máy vận chuyển nguyên liệu khô rời, các máy và thiết bị định lượng các loại nguyên liệu khô, lỏng, và dạng bột nhào thông dụng trong công nghiệp....Giáo trình gồm 2 phần chính: 1. Máy và thiết bị vận chuyển; 2. Máy và thiết bị định lượng. Nội dung tèng phần trình bày cụ thể, có hệ thống những vấn đề chung của các máy cũng như nguyên lý, cấu tạo và phương pháp tính toán của từng máy. Giáo trình không những cần thiết cho sinh viên ngành máy thực phẩm, máy hoá chất trong các trường đại học chuyên ngành mà còn là tài liệu bổ ích cho các cán bộ kỹ thuật các ngành khác nhau khi tìm hiểu thiết kế, chế tạo các loại máy này để sử dụng trong đơn vị của mình.</subfield>
  </datafield>
  <datafield tag="541" ind1="#" ind2="#">
   <subfield code="a">Mua</subfield>
  </datafield>
  <datafield tag="650" ind1="#" ind2="4">
   <subfield code="a">Giáo trình</subfield>
  </datafield>
  <datafield tag="650" ind1="#" ind2="4">
   <subfield code="a">Máy định lượng</subfield>
  </datafield>
  <datafield tag="650" ind1="#" ind2="4">
   <subfield code="a">Máy vận chuyển</subfield>
  </datafield>
  <datafield tag="650" ind1="#" ind2="4">
   <subfield code="a">Thiết bị định lượng</subfield>
  </datafield>
  <datafield tag="841" ind1="#" ind2="#">
   <subfield code="b">Kho Sách </subfield>
   <subfield code="j">100043675, 100043684, 100043694, 100043695, 100043699</subfield>
  </datafield>
 </record>
</collection>
